00930nam a2200277Ia 450000500170000000800410001702000180005810000170007624500560009325000180014930000500016753400250021765000380024265000380028065000350031865000360035365000400038970000380042970000100046726400410047733600270051833700330054533800280057804000350060608400110064120220317001445.0161108s2009 sp a g 000 j s  a97884494395991 aYeoman, John14aLas lavanderas locascJohn Yeoman y Quentín Blake a1a. edición a[30] páginasbilustraciones en colorc24 cm bthe wild washerwomen142LEMBaCuentos infantiles ingleses142LEMBaLiteratura infantil inglesa142LEMBaMujeres en la literatura142LEMBaLimpieza en la literatura142LEMBaLavandería en la literatura1 aBlake, Quentind1932-eilustrador1 aKunas aBarcelonabOcéano Travesíac2009 atextobtxt2rdacontent asin mediaciónbn2rdamedia avolumenbnc2rdacarrier aCO-BoRNBPbspaerdacCO-BoRNBP aC YEO1